000 01420nam0a22003011 4500
001 rc\4082191
005 20260407124454.0
021 _aRU
_b[51-39120]
035 _a(NLR Aleph) 008126563
090 _a9397004
_c9397004
100 _a20130415d1951 |||y0rusy50 ca
101 0 _arus
102 _aRU
105 _ay z |||||
200 1 _aН.А. Островский. 1904-1936
_e[Материалы для комсомольских организаций и массовых библиотек к 15-летию со дня смерти писателя]
_fКировский обком ВЛКСМ. Кировская обл. б-ка им. А.И. Герцена
210 _aКиров
_cБ. и.
_d1951
215 _a19 с.
_d20
300 _aВ конце текста сост.: С. Халфина и И. Войханская
606 _aБиблиотеки массовые
_xРабота с художественной литературой
_2psbo
606 _aПисатели русские
_jМатериалы для библиотек
_2psbo
702 1 _aВойханская
_bИ.
_4220
702 1 _aХалфина
_bС.
_4220
712 0 2 _aКировская областная научная библиотека им. А. И. Герцена
_3RU\NLR\AUTH\889965850
_9427987
801 0 _aRU
_bNLR
_gpsbo
801 1 _aRU
_bELAR
_2rusmarc
852 _aNLR
_jБ 8255/Х-176
942 _cBOOK
980 _aNB